Tableau des médailles olympiques - Rio de Janeiro 2016 - Statistiques

Statistiques générales
  • Ce quiz a été pris 32 fois
  • Le résultat moyen est 9 sur 10
Statistiques - réponses
Or Argent Bronze Total Pays % Correct
26 18 26 70 Chine
100%
46 37 38 121 États-Unis
100%
10 18 14 42 France
100%
12 8 21 41 Japon
100%
27 23 17 67 Grande-Bretagne
97%
17 10 15 42 Allemagne
90%
8 11 10 29 Australie
87%
8 12 8 28 Italie
84%
19 18 19 56 Russie
84%
4 3 15 22 Canada
81%
Aucun quiz correspondant
Distribution des résultats
% des personnes avec chaque résultat
Percentile par nombre de réponses
Votre historique - résultats
Vous n’avez pas pris ce quiz